The Big Bang Theory Trivia - Statistics

General Stats
  • This quiz has been taken 859 times
  • The average score is 8 of 15
Answer Stats
Hint Answer % Correct
What is Sheldon's catchphrase? Bazinga
91%
What song does Penny sing to Sheldon when he is sick? Soft Kitty
89%
What is Raj's sister called? Priya
84%
What can temporarily cure him of this? Alcohol
82%
In the pilot episode, what do Sheldon and Leonard go to retrieve from Penny's ex-boyfriend? A TV
81%
Who is the woman, who works in the same lab as Leonard, that used both Leonard and Howard as a "booty call"? Leslie Winkle
81%
What is Leonard's mother's first name? Beverley
74%
Who is the actor who plays Leonard? Johnny Galecki
67%
What does Raj's father do for a living? Gynecologist
56%
What rare condition does Raj have? Selective Mutism
43%
Before Sheldon and Leonard became roommates, Sheldon listed an advert for the room at the university. Who did it say "need not apply"? Whistlers
28%
What does Howard always have on the neck of his turtleneck? (be specific) An alien badge
13%
What does Howard trick Raj into thinking that foreigners do on the 4th of July? Wash their clothes
8%
What state and city did Sheldon grow up in? Galveston, Texas
7%
Where was Sheldon born? K-Mart
6%
No matching quizzes found
Score Distribution
Percent of People with Each Score
Percentile by Number Answered
Your Score History
You have not taken this quiz